[Event "Benidorm op U2300 13th"]
[Site "Benidorm"]
[Date "2014.12.06"]
[Round "9"]
[White "Alonso Jimenez, Joan"]
[Black "Varga, Mariano"]
[Result "1-0"]
[WhiteElo "1939"]
[BlackElo "2083"]
[PlyCount "63"]
[EventDate "2014.11.28"]
[EventType "swiss"]
[EventRounds "10"]
[EventCountry "ESP"]
[SourceTitle "CBM 163 Extra"]
[Source "ChessBase"]
[SourceDate "2014.12.23"]
[SourceVersion "1"]
[SourceVersionDate "2014.12.23"]
[SourceQuality "1"]

1. e4 c5 2. Nf3 e6 3. d4 cxd4 4. Nxd4 a6 5. c4 Nf6 6. Nc3 Qc7 7. Bd3 b6 8. 0-0 Bb7 9. Kh1 d6 10. Bg5 Be7 11. Qe2 h6 12. Be3 Nbd7 13. Rac1 Ne5 14. f4 Nxd3 15. Qxd3 Rc8 16. b3 0-0 17. Bg1 Rfd8 18. Qe2 Bf8 19. h3 Re8 20. e5 Nd7 21. Bh2 Qd8 22. Qg4 Kh8 23. Nce2 d5 24. f5 dxc4 25. fxe6 fxe6 26. Nxe6 Qe7 27. N2f4 Nxe5 28. Qh5 g5 29. Ng6+ Nxg6 30. Qxg6 Qxe6 31. Rxf8+ Rxf8 32. Qxe6 1-0

[Event "Benidorm op U2300 13th"]
[Site "Benidorm"]
[Date "2014.11.28"]
[Round "1"]
[White "Nieves Cabanes, Javier"]
[Black "Alonso Jimenez, Joan"]
[Result "1-0"]
[WhiteElo "2149"]
[BlackElo "1939"]
[PlyCount "55"]
[EventDate "2014.11.28"]
[EventType "swiss"]
[EventRounds "10"]
[EventCountry "ESP"]
[SourceTitle "CBM 163 Extra"]
[Source "ChessBase"]
[SourceDate "2014.12.23"]
[SourceVersion "1"]
[SourceVersionDate "2014.12.23"]
[SourceQuality "1"]

1. d4 Nf6 2. c4 c5 3. d5 e5 4. Nc3 d6 5. g3 Be7 6. Bg2 0-0 7. e4 a6 8. Nge2 Nh5 9. 0-0 Bg5 10. f4 exf4 11. gxf4 Bf6 12. Kh1 Bg4 13. Qd3 Nd7 14. Ng1 Bd4 15. Bd2 Nhf6 16. Nge2 Bxc3 17. Bxc3 Qe7 18. Ng3 g6 19. Rae1 Nh5 20. Nxh5 Bxh5 21. e5 Bg4 22. Qg3 Bf5 23. Bh3 Bxh3 24. Qxh3 Rae8 25. e6 Nb6 26. f5 fxe6 27. f6 Qf7 28. dxe6 1-0

[Event "Benidorm op U2300 11th"]
[Site "Benidorm"]
[Date "2012.12.07"]
[Round "9"]
[White "Sabater Sanchez, Asensio"]
[Black "Alonso Jimenez, Joan"]
[Result "1-0"]
[WhiteElo "2141"]
[BlackElo "1948"]
[PlyCount "45"]
[EventDate "2012.11.30"]
[EventType "swiss"]
[EventRounds "10"]
[EventCountry "ESP"]
[SourceTitle "EXT 2014"]
[Source "ChessBase"]
[SourceDate "2013.11.20"]
[SourceVersion "1"]
[SourceVersionDate "2013.11.20"]
[SourceQuality "1"]

1. b3 Nf6 2. Bb2 d5 3. Nf3 c5 4. e3 Nc6 5. c4 d4 6. exd4 cxd4 7. b4 e5 8. b5 e4 9. bxc6 exf3 10. Qxf3 Bg4 11. Qd3 Bc5 12. f3 Be6 13. cxb7 Rb8 14. Ba3 Qb6 15. Be2 Rxb7 16. Bxc5 Qxc5 17. 0-0 Rxb1 18. Rfxb1 Bf5 19. Rb5 Qxb5 20. cxb5 Bxd3 21. Bxd3 Kd7 22. Rc1 g6 23. Rc4 1-0

[Event "Figueres op 11th"]
[Site "Figueres"]
[Date "2010.08.18"]
[Round "9"]
[White "Alonso Jimenez, Joan"]
[Black "Regincos Oliva, Laura"]
[Result "1-0"]
[WhiteElo "1992"]
[BlackElo "1337"]
[PlyCount "35"]
[EventDate "2010.08.11"]
[EventType "swiss"]
[EventRounds "9"]
[EventCountry "ESP"]
[SourceTitle "CBM 137 Extra"]
[Source "ChessBase"]
[SourceDate "2010.09.01"]
[SourceVersion "1"]
[SourceVersionDate "2010.09.01"]
[SourceQuality "1"]

1. Nc3 Nf6 2. e4 Nc6 3. d4 e6 4. e5 Nd5 5. Nf3 Bb4 6. Bd2 0-0 7. Bd3 b6 8. Bxh7+ Kh8 9. Be4 Nxc3 10. bxc3 Be7 11. h4 Kg8 12. Bh7+ Kh8 13. Ng5 Bxg5 14. hxg5 f6 15. Bg6+ Kg8 16. Rh8+ Kxh8 17. Qh5+ Kg8 18. Qh7# 1-0

[Event "Figueres op 10th"]
[Site "Figueres"]
[Date "2009.08.01"]
[Round "1"]
[White "Asensio Graells, Ricard"]
[Black "Alonso Jimenez, Joan"]
[Result "0-1"]
[WhiteElo "1481"]
[BlackElo "2022"]
[PlyCount "70"]
[EventDate "2009.08.01"]
[EventType "swiss"]
[EventRounds "9"]
[EventCountry "ESP"]
[SourceTitle "EXT 2010"]
[Source "ChessBase"]
[SourceDate "2010.11.25"]
[SourceVersion "1"]
[SourceVersionDate "2010.11.25"]
[SourceQuality "1"]

1. e4 c5 2. Nf3 Nc6 3. d4 cxd4 4. Nxd4 Nf6 5. Nc3 Qb6 6. Nb3 e6 7. Be3 Qc7 8. Qd2 a6 9. a3 Be7 10. 0-0-0 b5 11. Bc5 Bb7 12. Bxe7 Kxe7 13. Nc5 Rab8 14. Nxb7 Rxb7 15. b4 Rc8 16. Bd3 Nd4 17. Kb2 a5 18. e5 Qxe5 19. Rhe1 Qc7 20. f4 Kf8 21. Rc1 axb4 22. axb4 Qd6 23. Ne4 Qe7 24. Nxf6 Qxf6 25. Kb1 Ra7 26. c3 Rca8 27. Qb2 Qxf4 28. cxd4 Ra1+ 29. Qxa1 Rxa1+ 30. Kxa1 Qd2 31. Kb1 Qxd3+ 32. Rc2 f6 33. Kb2 e5 34. Rf2 Qxd4+ 35. Kc2 Qxf2+ 0-1

[Event "Figueres op 09th"]
[Site "Figueres"]
[Date "2008.08.07"]
[Round "7"]
[White "Djingarova, Emilia"]
[Black "Alonso Jimenez, Joan"]
[Result "1-0"]
[WhiteElo "2305"]
[BlackElo "2075"]
[PlyCount "65"]
[EventDate "2008.08.02"]
[EventType "swiss"]
[EventRounds "9"]
[EventCountry "ESP"]
[SourceTitle "CBM 125 Extra"]
[Source "ChessBase"]
[SourceDate "2008.09.01"]
[SourceVersion "1"]
[SourceVersionDate "2008.09.01"]
[SourceQuality "1"]

1. d4 Nf6 2. Nf3 d6 3. g3 g6 4. Bg2 Bg7 5. 0-0 0-0 6. c4 Nc6 7. Nc3 Bg4 8. h3 Bxf3 9. Bxf3 Qd7 10. Bg2 Rfe8 11. d5 Na5 12. Qd3 c5 13. b3 e5 14. dxe6 fxe6 15. Bg5 Nc6 16. Rad1 Ne5 17. Qd2 Rad8 18. Ne4 Nxe4 19. Bxe4 Rc8 20. h4 Nf7 21. Bf4 Rcd8 22. h5 gxh5 23. Qd3 h6 24. Qf3 Rb8 25. Qxh5 e5 26. Be3 Qe7 27. Qg6 Qe6 28. Qh7+ Kf8 29. Bd5 Qf6 30. Qe4 b6 31. Rd3 Nd8 32. Bc1 Ne6 33. Rf3 1-0

[Event "Figueres op 09th"]
[Site "Figueres"]
[Date "2008.08.05"]
[Round "5"]
[White "Lillo Castany, Victor"]
[Black "Alonso Jimenez, Joan"]
[Result "1-0"]
[WhiteElo "2150"]
[BlackElo "2075"]
[PlyCount "73"]
[EventDate "2008.08.02"]
[EventType "swiss"]
[EventRounds "9"]
[EventCountry "ESP"]
[SourceTitle "CBM 125 Extra"]
[Source "ChessBase"]
[SourceDate "2008.09.01"]
[SourceVersion "1"]
[SourceVersionDate "2008.09.01"]
[SourceQuality "1"]

1. e4 g6 2. d4 d6 3. Nc3 Bg7 4. f4 Nf6 5. Nf3 0-0 6. Bd3 Bg4 7. h3 Bxf3 8. Qxf3 Nc6 9. Be3 e5 10. dxe5 dxe5 11. 0-0-0 Nd4 12. Qf2 c5 13. f5 Qc7 14. g4 c4 15. Bf1 Rfd8 16. g5 Nh5 17. f6 Bf8 18. Nd5 Rxd5 19. exd5 c3 20. Bxd4 exd4 21. Qxd4 cxb2+ 22. Kb1 Ng3 23. Bd3 Nxh1 24. Rxh1 Qg3 25. Rg1 Qh2 26. Re1 Ba3 27. Qe3 Bb4 28. Rd1 a5 29. Qe4 Qg3 30. h4 Qd6 31. h5 Qg3 32. hxg6 hxg6 33. d6 Qxg5 34. d7 Rf8 35. Qe8 Qxf6 36. Bxg6 fxg6 37. d8Q 1-0

[Event "Catalunya-chT Primera Gp1"]
[Site "Catalunya"]
[Date "2008.02.03"]
[Round "2"]
[White "Alonso Jimenez, Joan"]
[Black "Perpinya Rofes, Lluis Maria"]
[Result "0-1"]
[WhiteElo "2052"]
[BlackElo "2416"]
[PlyCount "70"]
[EventDate "2008.01.27"]
[EventType "team-tourn"]
[EventRounds "9"]
[EventCountry "ESP"]
[SourceTitle "EXT 2019"]
[Source "ChessBase"]
[SourceDate "2018.10.10"]
[SourceVersion "1"]
[SourceVersionDate "2018.10.10"]
[SourceQuality "1"]

1. Nc3 c5 2. e4 Nc6 3. Nf3 d6 4. d4 cxd4 5. Nxd4 Nf6 6. f3 Nxd4 7. Qxd4 g6 8. Be3 Bg7 9. Bc4 0-0 10. Qd2 Be6 11. Bb3 Qa5 12. 0-0 Rfc8 13. Rfd1 b5 14. Ne2 Qxd2 15. Rxd2 Nd7 16. Bxe6 fxe6 17. Nd4 Ne5 18. b3 Kf7 19. Kf2 a6 20. a3 Rc7 21. h3 Rac8 22. Ra2 Nd7 23. g4 Nc5 24. h4 d5 25. exd5 exd5 26. Ne2 Rd8 27. c4 d4 28. Nxd4 Bxd4 29. Rxd4 Rxd4 30. Bxd4 Nxb3 31. Bb6 Rxc4 32. Rb2 Rc3 33. Kg3 e5 34. Bc7 Ke6 35. Bb8 Nd4 0-1

[Event "Girona-ch"]
[Site "Girona"]
[Date "2005.11.13"]
[Round "7.2"]
[White "Alonso Jimenez, Joan"]
[Black "Domenech Plana, Jaume"]
[Result "1/2-1/2"]
[WhiteElo "2049"]
[BlackElo "2016"]
[PlyCount "98"]
[EventDate "2005.09.25"]
[EventType "swiss"]
[EventRounds "9"]
[EventCountry "ESP"]
[SourceTitle "EXT 2024"]
[Source "ChessBase"]
[SourceDate "2023.10.10"]
[SourceVersion "1"]
[SourceVersionDate "2023.10.10"]
[SourceQuality "1"]

1. e4 e5 2. Nf3 Qe7 3. Nc3 c6 4. d4 d6 5. h3 h6 6. Be3 Nf6 7. Be2 Nbd7 8. Qd3 g5 9. 0-0-0 Bg7 10. Kb1 d5 11. dxe5 Nxe5 12. Nxe5 Qxe5 13. Bd4 dxe4 14. Nxe4 Qxe4 15. Qxe4+ Nxe4 16. Bxg7 Rg8 17. Bd4 Bf5 18. Bd3 0-0-0 19. Bxa7 Rge8 20. Bb6 Rd5 21. a4 Ree5 22. Kc1 Nd6 23. Bxf5+ Nxf5 24. Rhe1 Rxe1 25. Rxe1 Kd7 26. Rd1 Ke6 27. Rxd5 Kxd5 28. Kd2 Nd6 29. b3 f5 30. Kd3 c5 31. f3 Nf7 32. Bc7 h5 33. c3 Kc6 34. Bh2 Kd5 35. c4+ Ke6 36. Kc3 g4 37. hxg4 fxg4 38. fxg4 hxg4 39. Kd3 Kf5 40. Bc7 Ne5+ 41. Ke3 Nc6 42. Bb6 Nd4 43. Bxc5 Nxb3 44. Bb6 Ke5 45. g3 Kf5 46. a5 Ke5 47. c5 Nd4 48. Bc7+ Kd5 49. Bb6 Ne6 1/2-1/2

[Event "Girona-chA"]
[Site "Girona"]
[Date "2004.??.??"]
[Round "4"]
[White "Alonso Jimenez, Joan"]
[Black "Fluvia Poyatos, Joan"]
[Result "0-1"]
[WhiteElo "2130"]
[BlackElo "2500"]
[PlyCount "58"]
[EventDate "2004.??.??"]
[EventType "swiss"]
[EventRounds "9"]
[EventCountry "ESP"]
[SourceTitle "EXT 2007"]
[Source "ChessBase"]
[SourceDate "2006.11.23"]
[SourceVersion "1"]
[SourceVersionDate "2006.11.23"]
[SourceQuality "1"]

1. e4 c5 2. Nf3 Nc6 3. Nc3 Nf6 4. Bb5 Qc7 5. 0-0 Nd4 6. Re1 a6 7. Bc4 d6 8. h3 e6 9. a4 Rb8 10. Bf1 h6 11. d3 e5 12. Be3 Be6 13. g4 Be7 14. Bg2 Qd7 15. Nh2 h5 16. f3 Nh7 17. Qd2 Bh4 18. Bf2 Bg5 19. Qd1 Bf4 20. Nd5 Bxh2+ 21. Kxh2 hxg4 22. fxg4 Ng5 23. Kg3 Qd8 24. Re3 Bxd5 25. exd5 Qf6 26. Re4 Nxh3 27. Bxd4 Qh4+ 28. Kh2 Nf4+ 29. Kg1 Qh2+ 0-1

[Event "Girona-chA"]
[Site "Girona"]
[Date "2004.??.??"]
[Round "1"]
[White "Bartis Bosch, Josep"]
[Black "Alonso Jimenez, Joan"]
[Result "0-1"]
[WhiteElo "1915"]
[BlackElo "2130"]
[PlyCount "58"]
[EventDate "2004.??.??"]
[EventType "swiss"]
[EventRounds "9"]
[EventCountry "ESP"]
[SourceTitle "EXT 2007"]
[Source "ChessBase"]
[SourceDate "2006.11.23"]
[SourceVersion "1"]
[SourceVersionDate "2006.11.23"]
[SourceQuality "1"]

1. d4 e6 2. c4 Nf6 3. Nc3 Bb4 4. a3 Bxc3+ 5. bxc3 d5 6. e3 Nbd7 7. Bd3 b6 8. Nf3 Bb7 9. Qc2 0-0 10. 0-0 Ne4 11. cxd5 exd5 12. c4 Ndf6 13. Rb1 h6 14. c5 Bc8 15. Nd2 Re8 16. Nxe4 Nxe4 17. Bb2 Be6 18. f3 Nf6 19. e4 Nh5 20. Qf2 c6 21. e5 Nf4 22. Bc2 Qg5 23. Kh1 Bf5 24. g3 Nd3 25. Bxd3 Bxd3 26. Bc1 Qg6 27. Rb2 Bxf1 28. Qxf1 bxc5 29. dxc5 Rab8 0-1

[Event "Girona-chA"]
[Site "Girona"]
[Date "2004.??.??"]
[Round "5"]
[White "Mayo Casademont, Marti"]
[Black "Alonso Jimenez, Joan"]
[Result "1/2-1/2"]
[WhiteElo "2125"]
[BlackElo "2130"]
[PlyCount "30"]
[EventDate "2004.??.??"]
[EventType "swiss"]
[EventRounds "9"]
[EventCountry "ESP"]
[SourceTitle "EXT 2007"]
[Source "ChessBase"]
[SourceDate "2006.11.23"]
[SourceVersion "1"]
[SourceVersionDate "2006.11.23"]
[SourceQuality "1"]

1. d4 Nf6 2. c4 d6 3. Nc3 Nbd7 4. Nf3 e5 5. e4 Be7 6. Be2 0-0 7. 0-0 Re8 8. h3 c6 9. Be3 Qc7 10. Rc1 Nf8 11. Qd2 Ng6 12. Rfd1 Bd7 13. a3 Rad8 14. b4 b6 15. b5 Qb7 1/2-1/2

[Event "Girona-ch"]
[Site "Girona"]
[Date "2003.??.??"]
[Round "8"]
[White "Fluvia Frigola, Joan"]
[Black "Alonso Jimenez, Joan"]
[Result "1-0"]
[WhiteElo "2184"]
[BlackElo "2083"]
[PlyCount "57"]
[EventDate "2003.??.??"]
[EventType "swiss"]
[EventRounds "9"]
[EventCountry "ESP"]
[SourceTitle "EXT 2007"]
[Source "ChessBase"]
[SourceDate "2006.11.23"]
[SourceVersion "1"]
[SourceVersionDate "2006.11.23"]
[SourceQuality "1"]

1. e4 d6 2. d4 Nf6 3. Nc3 g6 4. f4 Bg7 5. Nf3 0-0 6. Bd3 Bg4 7. h3 Bxf3 8. Qxf3 Nc6 9. Be3 e5 10. dxe5 dxe5 11. f5 Nd4 12. Qf2 Qd6 13. 0-0 c6 14. a3 h6 15. Rad1 b5 16. Ne2 g5 17. Nc1 c5 18. c3 Nh5 19. cxd4 exd4 20. Bd2 Be5 21. Ne2 a5 22. Qf3 Nf6 23. Bxb5 Rfb8 24. a4 g4 25. hxg4 Kh7 26. g5 hxg5 27. Bxg5 Rh8 28. Bf4 Rag8 29. Qh3+ 1-0

[Event "Girona-ch"]
[Site "Barcelona"]
[Date "2001.10.28"]
[Round "4"]
[White "Alonso Jimenez, Joan"]
[Black "Barneda Ciurana, Jordi"]
[Result "1/2-1/2"]
[WhiteElo "2110"]
[BlackElo "1960"]
[PlyCount "68"]
[EventDate "2001.10.07"]
[EventType "swiss"]
[EventRounds "9"]
[EventCountry "ESP"]
[SourceTitle "EXT 2008"]
[Source "ChessBase"]
[SourceDate "2007.11.25"]
[SourceVersion "1"]
[SourceVersionDate "2007.11.25"]
[SourceQuality "1"]

1. e4 c6 2. Nc3 e5 3. d4 exd4 4. Qxd4 d6 5. Bf4 Be6 6. 0-0-0 Nf6 7. Nf3 d5 8. h3 Nbd7 9. Ng5 Bc5 10. Qd2 0-0 11. e5 Nh5 12. Bh2 g6 13. Be2 Ng7 14. f4 b5 15. Bg1 Qa5 16. Kb1 b4 17. Nce4 Bxg1 18. Nf6+ Nxf6 19. exf6 d4 20. Nxe6 Be3 21. fxg7 Bxd2 22. gxf8Q+ Rxf8 23. Nxf8 b3 24. axb3 Kxf8 25. f5 Be3 26. fxg6 hxg6 27. Rhf1 Qg5 28. g4 Kg7 29. Rf3 Qe5 30. h4 Qh2 31. Bc4 f6 32. Rdf1 Qxh4 33. Rxf6 Qxf6 34. Rxf6 Kxf6 1/2-1/2